| Поле | Название | Значение |
| |
Тип записи |
a |
| |
Библиографический уровень |
a |
| 001 |
Контрольный номер |
UONB/MAIN/ab09da40345e45ff88aa4b5f76617415 |
| 005 |
Дата корректировки |
20260326180748.2 |
| 100 |
Данные общей обработки |
__ |
| a |
Данные общей обработки |
20260326 ||| 0rusy0189 ca |
| 101 |
Язык документа |
0_ |
| a |
Язык текста |
rus |
| 102 |
Страна публикации |
__ |
| a |
Страна публикации |
RU |
| 200 |
Заглавие и сведения об ответственности |
1_ |
| a |
Заглавие |
Репетиция продолжается |
| f |
Первые сведения об ответственности |
О. Игнатюк |
| 203 |
Вид содержания и тип средства |
__ |
| a |
Вид содержания |
Текст |
| c |
Тип средства |
непосредственный |
| 225 |
Серия |
1_ |
| a |
Серия |
Культура |
| 330 |
Аннотация |
__ |
| a |
Аннотация |
Статья посвящена премьере спектакля "Репетиция оркестра" в "Ленкоме Марка Захарова". |
| 461 |
Уровень набора |
_0 |
| 1 |
|
2000 |
| a |
|
Москва |
| 1 |
|
011 |
| a |
|
0131-2332 |
| 463 |
Уровень физической единицы |
_0 |
| 1 |
|
2000 |
| a |
|
№ 2 |
| v |
|
С. 222-224 |
| 1 |
|
2101 |
| d |
|
2026 |
| 1 |
|
001UONB/MAIN/6e50f35d945c4039a2380f28b38a9ca7 |
| 600 |
Персоналии |
_1 |
| a |
Персоналии (Фамилия) |
Певцов |
| b |
Персоналии (Имя, инициалы) |
Д. |
| c |
Дополнение к имени |
актер |
| g |
Полное имя |
Дмитрий |
| 600 |
Персоналии |
_1 |
| a |
Персоналии (Фамилия) |
Захарова |
| b |
Персоналии (Имя, инициалы) |
А. |
| c |
Дополнение к имени |
актриса |
| g |
Полное имя |
Александра |
| 600 |
Персоналии |
_1 |
| a |
Персоналии (Фамилия) |
Аверин |
| b |
Персоналии (Имя, инициалы) |
М. |
| c |
Дополнение к имени |
актер |
| g |
Полное имя |
Максим |
| 600 |
Персоналии |
_1 |
| a |
Персоналии (Фамилия) |
Леонов |
| b |
Персоналии (Имя, инициалы) |
А. |
| c |
Дополнение к имени |
актер |
| g |
Полное имя |
Андрей |
| 600 |
Персоналии |
_1 |
| a |
Персоналии (Фамилия) |
Захаров |
| b |
Персоналии (Имя, инициалы) |
М. А. |
| f |
Даты |
1933-2019 |
| g |
Полное имя |
Марк Анатольевич |
| c |
Дополнение к имени |
режиссер театра и кино |
| 601 |
Наименование организации как предмет |
02 |
| a |
Наименование организации как предмет |
Московский государственный театр "Ленком Марка Захарова" |
| 605 |
Заглавие как предмет |
__ |
| a |
Заглавие |
"Репетиция оркестра" |
| l |
Подзаголовок формы |
спектакль |
| 606 |
Тематические рубрики |
0_ |
| a |
Основная рубрика |
Литературоведение |
| y |
Географическая подрубрика |
Москва |
| y |
Географическая подрубрика |
Россия |
| z |
Хронологическая подрубрика |
2025 г. |
| 606 |
Тематические рубрики |
0_ |
| a |
Основная рубрика |
Современная русская литература |
| 610 |
Ключевые слова |
0_ |
| a |
Ключевые слова |
театральная жизнь |
| 610 |
Ключевые слова |
0_ |
| a |
Ключевые слова |
отзывы на театральные постановки |
| 610 |
Ключевые слова |
0_ |
| a |
Ключевые слова |
театральные премьеры |
| 610 |
Ключевые слова |
0_ |
| a |
Ключевые слова |
спектакли |
| 610 |
Ключевые слова |
0_ |
| a |
Ключевые слова |
актерская игра |
| 686 |
Индексы других классификаций |
__ |
| 2 |
Код системы |
rubbk |
| 700 |
Автор |
_1 |
| a |
Фамилия |
Игнатюк |
| b |
Имя (инициалы) |
О. |
| g |
Полное личное имя |
Ольга |
| 4 |
Код отношения |
070 |
| 801 |
Источник записи |
_0 |
| a |
Страна |
RU |
| b |
Организация |
Ульяновская ОНБ |
| c |
Дата составления |
20260326 |
| g |
Правила каталогизации |
RCR |
| 801 |
Источник записи |
_1 |
| a |
Страна |
RU |
| b |
Организация |
Ульяновская ОНБ |
| c |
Дата составления |
20260326 |
| g |
Правила каталогизации |
RCR |
| 901 |
Тип документа |
__ |
| t |
Тип документа |
b |
| w |
Контрольный № источника |
UONB/MAIN/6e50f35d945c4039a2380f28b38a9ca7 |